=LDR 00000nam 2200000 4500 =001 INLIS000000000051856 =005 20210106091944 =035 ##$$a 0010-0118000044 =007 ta =008 210106################g##########0#ind## =020 ##$$a 979-3469-78-1 =082 ##$$a 333.731 6 =084 ##$$a 333.731 6 SUG k =100 #$$a Sugeng Winarso =245 1#$$a Kesuburan Tanah : $b Dasar kesehatan dan kualitas tanah /$c Sugeng Winarso =260 ##$$a Yogyakarta :$b Gava Media,$c 2005 =300 ##$$a xi, 269 hlm : $b ilus. ; $c 23 X 15 cm. =650 #4$$a Tanah konservasi =504 ##$$a Bibliografi : hlm. 263-269 =250 ##$$a Ed. 1 =990 ##$$a 21705880 =990 ##$$a 21705879 =990 ##$$a 21705878 =990 ##$$a 21705877 =990 ##$$a 21705876